| 000 | 00499nam a2200145Ia 4500 | ||
|---|---|---|---|
| 008 | 180523s9999 xx 000 0 und d | ||
| 020 | _a9789719809890 | ||
| 100 | _aAlora, Rosario Angeles T. | ||
| 245 |
_cRosario Angeles T. Alora, Josephine M. Lumitao. _aHuman reproduction / |
||
| 260 |
_aQuezon City : _bC & E Publishing _c2018 |
||
| 300 |
_aix, 228 pages : _billustrations ; _ccm. |
||
| 500 | _aIncludes bibliography and index. | ||
| 650 | _aHuman reproduction. | ||
| 650 | _aReproductive system. | ||
| 999 |
_c357901 _d357901 |
||